Statistics for Cape Town Int. Airport Destinations (Cape Town, South Africa)

Click here to take the quiz!

General Stats

  • This quiz has been taken 51 times
  • The average score is 27 of 47

Answer Stats

AirlineDestination% Correct
Air BelgiumBrussels
97%
Turkish AirlinesIstanbul
92%
British AirwaysLondon (Gatwick)
92%
British Airways/Virgin AtlanticLondon (Heathrow)
92%
Ethiopian AirlinesAddis Ababa
90%
KLMAmsterdam
90%
EmiratesDubai (International)
90%
Kenya AirwaysNairobi (Jomo Kenyatta)
90%
Air FranceParis (Charles de Gaulle)
87%
FlySafairJohannesburg (Lanseria)
85%
Airlink/CemAir/FlySafair/LIFT/South African AirwaysJohannesburg (O.R. Tambo)
85%
Qatar AirwaysDoha
82%
CemAir/FlySafair/LIFTDurban
82%
Condor/LufthansaFrankfurt
82%
Delta Air LinesAtlanta
79%
LufthansaMunich
77%
Airlink/RwandAirHarare
74%
TAAG Angola AirlinesLuanda
74%
Singapore AirlinesSingapore
74%
Airlink/FlyNamibiaWindhoek (Hosea Kutako)
74%
RwandAirKigali
72%
United AirlinesWashington (Dulles)
67%
Edelweiss AirZurich
67%
Air BotswanaGaborone
64%
United AirlinesNewark
64%
Air MauritiusMauritius
62%
Airlink/FlySafairPort Elizabeth
62%
Proflight ZambiaLusaka
59%
AirlinkMaputo
56%
Airlink/FlySafairBloemfontein
54%
CemAir/FlySafairEast London
46%
AirlinkWalvis Bay
38%
South African AirwaysSao Paulo (Guarulhos)
33%
AirlinkGeorge
31%
Airlink/CemAirKimberley
31%
Airlink/Kenya AirwaysVictoria Falls
31%
AirlinkBulawayo
28%
AirlinkSaint Helena
28%
AirlinkUpington
28%
Eswatini AirManzini
26%
AirlinkMaun
18%
Kenya AirwaysLivingstone
13%
AirlinkSkukuza
10%
Airlink/CemAirHoedspruit
8%
AirlinkMbombela
8%
CemAirPletternberg Bay
3%
Hi Fly MaltaWolf's Fang Runway (Antarctica)
3%

Score Distribution

Percentile by Number Answered

Percent of People with Each Score

Your Score History

You have not taken this quiz